Historia del imperio de Rusia bajo Pedro el Grande

Đã lưu trong:
Chi tiết về thư mục
Tác giả chính: Voltaire, Francois (Tác giả)
Định dạng: Sách
Ngôn ngữ:Tiếng Tây Ban Nha
Được phát hành: Madrid Calpe 1921
Loạt:Colección Universal, 455, 456
Những chủ đề:
Các nhãn: Thêm thẻ
Không có thẻ, Là người đầu tiên thẻ bản ghi này!

MARC

LEADER 00000nam a2200000 a 4500
001 UCO1678
003 CL-VaPUC
008 000519e19210000SP |||||||||||||||||spa|d
082 0 4 |a 947.05  |b VOL  |2 21 
100 0 |a Voltaire, Francois  |e author  |9 345685 
245 1 0 |a Historia del imperio de Rusia bajo Pedro el Grande 
300 |a 2 v 
942 |c BK 
945 |d 20000519 00:00:00  |a rherrera 
260 |a Madrid  |b Calpe  |c 1921 
600 0 7 |a PEDRO EL GRANDE  |2 CL-VaPUC  |9 348930 
650 7 |a HISTORIA DE RUSIA 1689-1725  |2 CL-VaPUC  |9 444104 
650 7 |a REINADOS  |2 CL-VaPUC  |9 401397 
650 7 |a IMPERIO RUSO  |2 CL-VaPUC  |9 436261 
651 0 |a Rusia   |9 256106 
583 |a last modification  |c 20120830 10:18:39  |k Rodrigo Vera 
490 0 |a Colección Universal, 455, 456 
999 |c 288282  |d 288280 
952 |0 0  |1 0  |4 0  |6 947_050000000000000_VOL_1921  |7 0  |8 X  |9 335863  |a BIBHIS  |b BIBHIS  |d 2019-11-20  |h v.1  |i 1282409  |o 947.05 VOL 1921  |p 1282409  |r 2024-01-30  |w 2019-11-20  |y BK_X  |k HIS 
952 |0 0  |1 0  |4 0  |6 947_050000000000000_VOL_1921  |7 0  |8 X  |9 335864  |a BIBHIS  |b BIBHIS  |d 2019-11-20  |h v.2  |i 1282417  |o 947.05 VOL 1921  |p 1282417  |r 2024-01-30  |w 2019-11-20  |y BK_X  |k HIS